[Event "4NCL Division 3 North"]
[Site "Bolton, ENG"]
[Date "2018.02.10"]
[Round "5.206"]
[White "Jones, Neil T"]
[Black "Somton, Anita"]
[Result "1-0"]
[WhiteElo "1862"]
[BlackElo "1967"]
[PlyCount "65"]
[EventDate "2018.02.10"]
[WhiteTeam "Manchester Manticores 3"]
[BlackTeam "Ashfield-Breadsall 1"]

1. e4 c5 2. Nf3 Nc6 3. Bb5 d6 4. O-O Bd7 5. Re1 Qc7 6. Nc3 e6 7. d4 cxd4 8.
Nxd4 a6 9. Bf1 Nge7 10. Ndb5 axb5 11. Nxb5 Qb8 12. Nxd6+ Kd8 13. Nxf7+ Ke8 14.
Nxh8 g6 15. Nf7 Kxf7 16. Qxd7 Ne5 17. Qd1 Qc7 18. Be3 Rd8 19. Qe2 Bg7 20. Red1
Rc8 21. c3 Kg8 22. Rd2 Rf8 23. Rad1 h5 24. h3 Qc6 25. Bg5 Nc8 26. Rd8 Nf7 27.
Rxf8+ Kxf8 28. Qf3 Kg8 29. Bf6 Bh6 30. Qg3 Kh7 31. e5 Nb6 32. Qxg6+ Kxg6 33.
Bd3+ 1-0

[Event "4NCL Division 3 North"]
[Site "Bolton, ENG"]
[Date "2018.02.10"]
[Round "5.209"]
[White "Truman, Richard G"]
[Black "Potter, Steven"]
[Result "1-0"]
[WhiteElo "1894"]
[BlackElo "1840"]
[PlyCount "81"]
[EventDate "2018.02.10"]
[WhiteTeam "Ashfield-Breadsall 1"]
[BlackTeam "Manchester Manticores 3"]

1. d4 e6 2. e4 b6 3. Bd3 Bb7 4. Nf3 c5 5. O-O cxd4 6. Nxd4 Nc6 7. c3 Nf6 8. Qe2
Ne5 9. Bc2 Bc5 10. Bf4 Ng6 11. Bg3 h5 12. Nb5 e5 13. b4 Be7 14. f4 h4 15. fxe5
hxg3 16. exf6 gxh2+ 17. Kh1 gxf6 18. Nd2 a6 19. Nd4 Qc7 20. Nc4 Rc8 21. Bb3 Ne5
22. Nxe5 Qxe5 23. Bd5 Bxd5 24. exd5 Qxe2 25. Nxe2 Rh6 26. Rae1 Kf8 27. Ng3 Bd8
28. Re3 b5 29. Nf5 Bb6 30. Re7 Rh5 31. Rxd7 Rxc3 32. Rb7 Rxf5 33. Rxf5 Bc7 34.
Rf1 Bd6 35. Rd1 Ke8 36. Rb6 Bxb4 37. d6 Kd7 38. Rb7+ Kd8 39. d7 Ba5 40. Rb8+
Ke7 41. Re8# 1-0

[Event "4NCL Division 3 North"]
[Site "Bolton, ENG"]
[Date "2018.02.10"]
[Round "5.202"]
[White "Tyton, Adam"]
[Black "Samuel Lares, Jairo"]
[Result "1/2-1/2"]
[WhiteElo "1877"]
[BlackElo "2017"]
[PlyCount "147"]
[EventDate "2018.02.10"]
[WhiteTeam "Manchester Manticores 3"]
[BlackTeam "Holmes Chapel"]

1. e4 c5 2. Nf3 Nc6 3. Bb5 g6 4. c3 Bg7 5. d4 cxd4 6. cxd4 Qb6 7. Bxc6 dxc6 8.
h3 Be6 9. O-O Rd8 10. Be3 Qxb2 11. Nbd2 Qa3 12. Qb1 b6 13. Qc2 Rc8 14. Ne5 Bxe5
15. dxe5 h6 16. Nf3 c5 17. Rfd1 Qa6 18. a4 Qc4 19. Qb1 g5 20. Nd2 Qc3 21. Nf3
Qb3 22. Qc1 Qb4 23. Nd2 f6 24. Qc2 Qa5 25. exf6 exf6 26. Nc4 Bxc4 27. Qxc4 Ne7
28. Qe6 Rc6 29. Qc4 Qb4 30. Qd3 O-O 31. Rdb1 c4 32. Qc2 Qd6 33. Rd1 Qe6 34. Rd4
Ng6 35. Rad1 Ne5 36. f4 Nd3 37. f5 Qc8 38. Qe2 Qe8 39. Qc2 Ne5 40. Rd5 Qf7 41.
Bd4 Re8 42. Qc3 Nd7 43. Bf2 Nc5 44. Bxc5 Rxc5 45. Rxc5 bxc5 46. Qe3 Qe7 47. Rd5
Qxe4 48. Qxe4 Rxe4 49. Rxc5 Re5 50. Rxc4 Ra5 51. g4 Kf7 52. Kf2 Ke7 53. Ke3 Kd6
54. Re4 Re5 55. Kd3 Rxe4 56. Kxe4 Kc5 57. Kd3 a6 58. a5 Kd5 59. Ke3 Kc4 60. Ke4
Kc5 61. Kd3 Kb4 62. Kd4 Kxa5 63. Kc5 Ka4 64. Kd6 Kb5 65. Ke6 a5 66. Kxf6 a4 67.
Ke7 a3 68. f6 a2 69. f7 a1=Q 70. f8=Q Qa3+ 71. Kf7 Qxh3 72. Kg6 Qxg4 73. Qxh6
Qh4 74. Qxg5+ 1/2-1/2

[Event "4NCL Division 3 North"]
[Site "Bolton, ENG"]
[Date "2018.02.10"]
[Round "5.205"]
[White "Doran, Chris"]
[Black "Lonsdale, Jon I"]
[Result "1/2-1/2"]
[WhiteElo "1972"]
[BlackElo "1855"]
[PlyCount "66"]
[EventDate "2018.02.10"]
[WhiteTeam "Holmes Chapel"]
[BlackTeam "Manchester Manticores 3"]

1. e4 c5 2. Nf3 Nc6 3. d4 cxd4 4. Nxd4 e5 5. Nb5 d6 6. N1c3 a6 7. Na3 b5 8. Nd5
Nge7 9. c4 Nd4 10. Be3 Nxd5 11. cxd5 g6 12. Bxd4 exd4 13. Qxd4 Qa5+ 14. Qd2
Qxd2+ 15. Kxd2 Bg7 16. Rb1 f5 17. Bd3 O-O 18. f3 fxe4 19. Bxe4 Bf5 20. Rhe1
Rae8 21. Bxf5 Rxe1 22. Be6+ Rxe6 23. dxe6 Re8 24. b3 Rxe6 25. Nc2 Kf7 26. Re1
Rxe1 27. Nxe1 Ke6 28. Kd3 Kd5 29. Nc2 a5 30. b4 axb4 31. Nxb4+ Kc5 32. Na6+ Kb6
33. Nb4 Kc5 1/2-1/2

[Event "4NCL Division 3 North"]
[Site "Bolton, ENG"]
[Date "2018.02.10"]
[Round "5.208"]
[White "Grindrod, John"]
[Black "Pearson, Raymond"]
[Result "1/2-1/2"]
[WhiteElo "1810"]
[BlackElo "1904"]
[PlyCount "104"]
[EventDate "2018.02.10"]
[WhiteTeam "Manchester Manticores 3"]
[BlackTeam "Holmes Chapel"]

1. c4 Nf6 2. Nc3 g6 3. g3 Bg7 4. Bg2 O-O 5. Nf3 d6 6. O-O c6 7. d3 e5 8. Bd2 a5
9. Rb1 Na6 10. a3 Bf5 11. Nh4 Bg4 12. h3 Be6 13. b4 axb4 14. axb4 d5 15. b5 Nc5
16. bxc6 bxc6 17. cxd5 cxd5 18. Rb5 Qd6 19. Nf3 Bd7 20. Rb1 Rfb8 21. Qc2 Rc8
22. Qd1 Na4 23. Nxa4 Bxa4 24. Qe1 Bc2 25. Bb4 Qb8 26. Rb2 Qc7 27. Qc1 e4 28.
Nd4 exd3 29. exd3 Bxd3 30. Qxc7 Rxc7 31. Rd1 Be4 32. Bd6 Rd7 33. Be5 Bxg2 34.
Kxg2 Ne4 35. Bxg7 Kxg7 36. Ne2 Ra4 37. f3 Nf6 38. Rbd2 Rc4 39. Kf2 g5 40. Nd4
Kg6 41. g4 h5 42. Nf5 Rf4 43. Ke3 Ra7 44. Rd4 Ra3+ 45. R4d3 Rxd3+ 46. Rxd3 hxg4
47. hxg4 Rxf5 48. gxf5+ Kxf5 49. Kd4 Kf4 50. Ra3 g4 51. fxg4 Nxg4 52. Kxd5 f5
1/2-1/2